Michael Jackson Quiz - Statistics

General Stats
  • This quiz has been taken 94 times
  • The average score is 7 of 10
Answer Stats
Hint Answer % Correct
The dance move he invented Moonwalk
95%
The global drink brand he endorsed Pepsi
89%
The name of his pet chimp Bubbles
84%
His daughters name Paris
84%
The city in Indiana where he grew up Gary
73%
His middle name Joseph
73%
The producer of his global hit album ‘Thriller’ Quincy Jones
72%
The title of his 2001 album Invincible
61%
Which world capital featured in a song title? Moscow
47%
How many Billboard no.1 singles did ‘Bad’ generate? Five
22%
No matching quizzes found
Score Distribution
Percent of People with Each Score
Percentile by Number Answered
Your Score History
You have not taken this quiz